| 000 | 01999nam a22002537a 4500 | ||
|---|---|---|---|
| 008 | 230328s2022 ag ||||| |||| 00| 0 spa d | ||
| 020 |
_a101/22 _bINT |
||
| 110 |
_aTribunal Superior de Justicia - Sala Penal _918 |
||
| 245 | 1 | 1 |
_a"ESPINOZA, JOSE LUIS – DÍAZ, MIGUEL ANGEL – CULLIQUEO, JOSÉ ADRIAN – DÍAZ, WALTER – CAMPOS, LAUTARO S/ HOMICIDIO TRIPLEMENTE AGRAVADO" / _cTribunal Superior de Justicia - Sala Penal |
| 260 | _c2022 | ||
| 300 |
_a21 p. _bpdf |
||
| 505 | 1 | _aSE RESUELVE: I.- DECLARAR LA INADMISIBILIDAD del recurso extraordinario federal deducido por el Señor Fiscal General Dr. José Ignacio Gerez (art. 3°, incisos “d” y “e”, de la Acordada n° 4/07 de la CSJN). II.- DECLARAR LA INADMISIBILIDAD del recurso extraordinario federal articulado por el señor Defensor Particular Dr. Gustavo Palmieri, a favor del imputado Elio Mauricio Díaz (arts. 1° y 3°, incisos “d” y “e”, de la Acordada n° 4/07 de la CSJN). III.- Regístrese, notifíquese y oportunamente, remítanse las actuaciones a la oficina Judicial de la circunscripción que corresponda. | |
| 518 | _a13/12/2022 | ||
| 700 | 1 |
_aElosu Larumbe, Alfredo Alejandro _912 |
|
| 700 | 1 |
_aGennari Maria Soledad _927 |
|
| 774 | _aLEG MPFCU 37997/2020 | ||
| 856 |
_uhttp://jurispenal.jusneuquen.gov.ar/cgi-bin/koha/opac-retrieve-file.pl?id=558fcf735efb5718b6ed37ccb4d81583 _yTexto completo |
||
| 856 |
_uhttp://jurispenal.jusneuquen.gov.ar/cgi-bin/koha/opac-detail.pl?biblionumber=673 _ySentencia de Responsabilidad |
||
| 856 |
_uhttp://jurispenal.jusneuquen.gov.ar/cgi-bin/koha/opac-detail.pl?biblionumber=674 _ySentencia de Imposición de la Pena |
||
| 856 |
_uhttp://jurispenal.jusneuquen.gov.ar/cgi-bin/koha/opac-detail.pl?biblionumber=675 _ySentencia del Tribunal de Impugnación |
||
| 856 |
_uhttp://jurispenal.jusneuquen.gov.ar/cgi-bin/koha/opac-detail.pl?biblionumber=735 _yInadmisibilidad de la Impugnación Extraordinaria |
||
| 942 |
_2ddc _cINT |
||
| 998 | _cas | ||
| 999 |
_c736 _d736 |
||